000 00529nam a22002057a 4500
003 AR-RoIUNI
005 20241122062957.0
007 ta
008 231017s1907 fr a||||r|||| 001 0 fre d
040 _cIUNIR
080 _a616.314 GOU
100 _aGourc, Louis
245 1 0 _aL'art dentaire :
_ba la portée du médecin /
_cLouis Gourc
250 _a2a ed.
_brev.
260 _aParis :
_bA. Maloine ,
_c1907
300 _a225 p. :
_bil. ;
_c15 cm
500 _aTexto en Francés
650 1 0 _aOdontología
_9546
942 _2cdu
_cBK
999 _c5751
_d5751